00958nam a2200265Ia 450000500170000000800410001702000150005808200170007310000370009024500800012725000180020730000390022549000280026450000250029260000370031765000480035465000390040265000410044170000420048226400450052433600270056933700330059633800280062904000350065720220317000754.0160601s2003 ve a g 000 0 spa  a980388068304a922.41bJ81u1 aUslar Pietri, Arturo,d1906-200110aJuana de ArcocArturo Uslar Pietri ; ilustraciones Joanna Gutiérrez Rojas a1a. edición a28 páginasbilustracionesc21 cm aColección Arcadiav14 aIncluye cronología14aJuana de Arco,qSantay1412-1431142LEMBaGuerra y mujeresvBiografiaszFrancia142LEMBaSantos francesesvBiografias142LEMBaLibros ilustrados para niños1 aGutiérrez Rojas, Joannaeilustrador aCaracasbLos Libros de el Nacionalc2003 atextobtxt2rdacontent asin mediaciónbn2rdamedia avolumenbnc2rdacarrier aCO-BoRNBPbspaerdacCO-BoRNBP